000
00317 a2200121 4500
000
nam a22 7a 4500
005
20260207150848.0
020
_a
9789362711762
100
_a
Anand Gautam
_9
1114370
245
_a
Pracheen Bhartiya Rajnitik Vichar aur Sanstha
260
_b
Venus Publications
_c
2025
942
_c
TEXL
999
_c
1678914
_d
1678914